sports and games (Record no. 185223)

000 -LEADER
fixed length control field 00338nam a2200121Ia 4500
008 - FIXED-LENGTH DATA ELEMENTS--GENERAL INFORMATION
fixed length control field 220217s9999||||xx |||||||||||||| ||und||
020 ## - INTERNATIONAL STANDARD BOOK NUMBER
International Standard Book Number 978-81-7245-122-6
100 ## - MAIN ENTRY--PERSONAL NAME
Personal name Chaturvedi B.K
9 (RLIN) 9280
245 #0 - TITLE STATEMENT
Title sports and games
260 ## - PUBLICATION, DISTRIBUTION, ETC.
Place of publication, distribution, etc. Good will publishing house
Name of publisher, distributor, etc. New Delhi
Date of publication, distribution, etc. 2014
300 ## - PHYSICAL DESCRIPTION
Extent 440p.
Other physical details 240
650 ## - SUBJECT ADDED ENTRY--TOPICAL TERM
Topical term or geographic name entry element GENERAL BOOKS
Holdings
Withdrawn status Lost status Damaged status Not for loan Collection code Home library Current library Shelving location Date acquired Barcode Date last seen Price effective from Koha item type
        Humanity Science Central Library Central Library Book Cart 02/18/2022 20412 02/18/2022 02/18/2022 Books

Powered by Koha